| Record ID | marc_ithaca_college/ic_marc.mrc:135221656:506 |
| Source | Ithaca College Library |
| Download Link | /show-records/marc_ithaca_college/ic_marc.mrc:135221656:506?format=raw |
LEADER: 00506cam a2200193 i 4500
001 209747
005 19950217092626.0
008 780210s1977 fr 000 1 fre
010 $a 77576800 $o03705775
035 $9ABP-8823
040 $aDLC$cDLC$dXIM
015 $aF***
050 0 $aPQ2665.R67$bC4
082 $a843/.9/14
049 $aXIMM
100 1 $aErnaux, Annie,$d1940-
245 10 $aCe qu'ils disent ou rien :$b[roman] /$cAnnie Ernaux.
260 $a[Paris] :$bGallimard,$cc1977.
300 $a165 p. ;$c19 cm.